00503nam a2200145Ia 4500008004100000020001800041040002900059050002200088100002800110245004800138260003000186942000700216952011900223999001500342221216s9999||||xx |||||||||||||| ||und|| a92-5-105214-x cChuka University Library aK 487 b.K37 2010 aKapardis Andreas 91799 0aPsychology and law:a critical introduction  aCambridgebNew Yorkc2010 cBK 001040708LGLaCHKbCHKcGENd2022-12-16l0oBSL K 487 .K37 2010p9032/2012r2022-12-16 00:00:00w2022-12-16yBK c2566d2566